000 00642nam a2200229Ia 4500
003 OSt
005 20220928145717.0
006 a|||||r|||| 00| 0
007 ta
008 220927b |||||||| |||| 00| 0 eng d
024 _a82341
037 _cTextual
040 _aSDCL
_cSDCL
_beng
041 _2eng
_aeng
082 _aXjN22, N0
100 _aWeiermair Klaus Ed.
_9506492
245 0 _aStudies in economic rationality
_bX-efficiency examined and extolled.
260 _c1990
700 _a Perlman Mark Ed.
_9503364
942 _hXjN22, N0
_cTEXL
_2CC
999 _c835063
_d835063